| Tag |
First Indicator |
Second Indicator |
Subfields |
| LEADER |
00000cam a2200000 a 4500 |
| 001 |
in00005770149 |
| 005 |
20260327172734.0 |
| 006 |
m o d |
| 007 |
cr |n||||||||| |
| 008 |
800923s1980 enka ob 101 0 eng d |
| 010 |
|
|
|z 80040935
|
| 040 |
|
|
|a COA
|b eng
|e rda
|c COA
|d OCLCF
|d OCLCQ
|d OCLCO
|d OCLCL
|d OCLCQ
|d UKAHL
|d UAB
|d VLY
|d OCLCL
|d OCLCO
|d OCLCL
|
| 019 |
|
|
|a 1100839833
|
| 020 |
|
|
|a 0080247717
|
| 020 |
|
|
|a 9780080247717
|
| 020 |
|
|
|a 9781483148595
|q (e-book)
|
| 020 |
|
|
|a 1483148599
|
| 024 |
8 |
|
|a (WaSeSS)ssj0001063746
|
| 035 |
|
|
|a (OCoLC)1340061011
|z (OCoLC)1100839833
|
| 050 |
0 |
0 |
|a QC197
|b .E86 1979
|
| 082 |
0 |
4 |
|a 530.4/1
|2 19
|
| 049 |
|
|
|a TXAM
|
| 111 |
2 |
|
|a European Conference on Internal Friction and Ultrasonic Attenuation in Solids.
|n 3d,
|c University of Manchester,
|d 1979.
|
| 240 |
1 |
0 |
|a Internal friction and ultrasonic attenuation in solids (Online)
|
| 245 |
1 |
0 |
|a Internal friction and ultrasonic attenuation in solids :
|b proceedings of the Third European Conference, University of Manchester, England, 18-20 July 1980 /
|c edited by C. C. Smith ; sponsored by The Institute of Physics, Materials and Testing Group.
|
| 250 |
|
|
|a First edition.
|
| 264 |
|
1 |
|a Oxford ;
|a New York :
|b Pergamon Press,
|c 1980.
|
| 300 |
|
|
|a 1 online resource (xiii, 416 pages :)
|b illustrations
|
| 336 |
|
|
|a text
|b txt
|2 rdacontent
|
| 337 |
|
|
|a computer
|b c
|2 rdamedia
|
| 338 |
|
|
|a online resource
|b cr
|2 rdacarrier
|
| 347 |
|
|
|a text file
|2 rdaft
|0 http://rdaregistry.info/termList/fileType/1002.
|
| 504 |
|
|
|a Includes bibliographies and indexes.
|
| 505 |
0 |
|
|a Front Cover; Internal Friction and Ultrasonic Attenuation in Solids; Copyright Page; Table of Contents; Preface; Part 1: Dislocation Damping 1; Chapter 1. Dislocation Relaxation Peaks; ABSTRACT; KEYWORDS; INTRODUCTION; THE BORDONI PEAK; OTHER PEAKS IN FCC METALS; PEAKS IN BCC AND HEXAGONAL METALS; REFERENCES; Chapter 2. The Bordoni Peak in Copper Single Crystals at Kilohertz Frequencies; ABSTRACT; KEYWORDS; INTRODUCTION; EXPERIMENTAL; RESULTS; DISCUSSION; REFERENCES; Chapter 3. Evidence of Peierls Nabarro Stress by Microdeformation and Attenuation Experiments; ABSTRACT; KEYWORDS; INTRODUCTION
|
| 520 |
|
|
|a Internal Friction and Ultrasonic Attenuation in Solids contains the proceedings of the Third European Conference on Internal Friction and Ultrasonic Attenuation in Solids, held at the University of Manchester in England on July 18-20, 1980. The papers explore the principles of internal friction and ultrasonic attenuation in solids such as pure metals and their alloys, ceramics, glasses, and polymers. Structural features such as point defects, dislocations, interfaces, and second phases in solids are discussed, together with the processes by which these features contribute to energy dissipation.
|
| 650 |
|
0 |
|a Internal friction
|x Measurement
|v Congresses.
|
| 650 |
|
0 |
|a Ultrasonic waves
|v Congresses.
|
| 650 |
|
0 |
|a Solids
|v Congresses.
|
| 650 |
|
0 |
|a Attenuation (Physics)
|v Congresses.
|
| 650 |
|
6 |
|a Ultrasons
|v Congrès.
|
| 650 |
|
6 |
|a Solides
|v Congrès.
|
| 650 |
|
6 |
|a Affaiblissement (Physique)
|v Congrès.
|
| 650 |
|
7 |
|a Attenuation (Physics)
|2 fast
|
| 650 |
|
7 |
|a Internal friction
|x Measurement
|2 fast
|
| 650 |
|
7 |
|a Solids
|2 fast
|
| 650 |
|
7 |
|a Ultrasonic waves
|2 fast
|
| 655 |
|
7 |
|a Electronic books.
|2 local
|
| 655 |
|
7 |
|a Conference papers and proceedings
|2 fast
|
| 700 |
1 |
|
|a Smith, C. C.
|q (Colin Charles)
|1 https://id.oclc.org/worldcat/entity/E39PCjJbwGJYtJyfcFjWyCvQ4m
|
| 710 |
2 |
|
|a ScienceDirect (Online service)
|
| 710 |
2 |
|
|a Institute of Physics (Great Britain).
|b Materials and Testing Group.
|1 https://id.oclc.org/worldcat/entity/E39QQPVp7XVfF9cGygdbygwWPF
|
| 758 |
|
|
|i has work:
|a Internal friction and ultrasonic attenuation in solids (Text)
|1 https://id.oclc.org/worldcat/entity/E39PCFy3FpRDPfhkK9kBqtDmFq
|4 https://id.oclc.org/worldcat/ontology/hasWork
|
| 856 |
4 |
0 |
|u http://proxy.library.tamu.edu/login?url=https://www.sciencedirect.com/science/book/9780080247717
|z Connect to the full text of this electronic book
|t 0
|
| 936 |
|
|
|a BATCHLOAD
|
| 955 |
|
|
|a Elsevier ScienceDirect 2026-2027
|
| 994 |
|
|
|a 92
|b TXA
|
| 999 |
f |
f |
|i a8ed43d7-de7f-440e-8d1a-a402a811228f
|s f3c8ae67-2731-4d99-a303-a98a25b45957
|t 0
|
| 952 |
f |
f |
|a Texas A&M University
|b College Station
|c Electronic Resources
|s www_evans
|d Available Online
|t 0
|e QC197 .E86 1979
|h Library of Congress classification
|
| 998 |
f |
f |
|a QC197 .E86 1979
|t 0
|l Available Online
|